000 00439nam a2200157Ia 4500
008 230312s9999||||xx |||||||||||||| ||und||
020 _a096172000X
082 _a621.38284
_bDIC-T
100 _aDickreiter, Michael
245 0 _aTonmeister technology
260 _bTemmer Enterprises Inc
_aUSA
_c1989
300 _a141
546 _aEng.
650 _aEngineering
_vRecording environment, sound sources, Microphone techniques
942 _cBK
999 _c1370
_d1370